Лекции по физике и естествознанию в аудитории с обратной связью; Образовательные технологии: состояние и перспективы

Xehetasun bibliografikoak
Parent link:Образовательные технологии: состояние и перспективы.— 1999.— С. 24-25.
Egile nagusia: Ерофеева Г. В.
Hizkuntza:errusiera
Argitaratua: 1999
Gaiak:
Formatua: Liburu kapitulua
KOHA link:https://koha.lib.tpu.ru/cgi-bin/koha/opac-detail.pl?biblionumber=49826

MARC

LEADER 00000naa2a2200000 4500
001 49826
005 20231031032701.0
035 |a (RuTPU)RU\TPU\book\52169 
035 |a RU\TPU\tpu\10347 
090 |a 49826 
100 |a 20030407d1999 k y0rusy50 ca 
101 0 |a rus 
102 |a RU 
200 1 |a Лекции по физике и естествознанию в аудитории с обратной связью  |f Г. В. Ерофеева 
463 1 |0 (RuTPU)RU\TPU\book\9321  |t Образовательные технологии: состояние и перспективы  |o Труды научно-методической конференции, 2-4 февраля 1999 г  |o Секция 1. Образовательные технологии естественнонаучные дисциплины  |f ТПУ  |v С. 24-25.  |d 1999  |p 178с 
610 1 |a труды учёных ТПУ 
675 |a 62(063)  |v 3 
686 |a Ч48  |2 rubbk 
700 1 |a Ерофеева  |b Г. В. 
801 1 |a RU  |b 63413507  |c 20021121  |g PSBO 
801 2 |a RU  |b 63413507  |c 20060629  |g PSBO 
942 |c BK